| 000 | 00701cam a22002174a 4500 | ||
|---|---|---|---|
| 020 | _a076453467X | ||
| 040 | _cDLC | ||
| 082 | 0 | 0 | _a005 HUN 2002 A006 Or. |
| 100 | 1 | _aPoole, Lon. | |
| 245 | 1 | 0 | _aMacworld Mac OS X bible / |
| 260 |
_aNew York, NY : _bHungry Minds, _cc2002. |
||
| 300 |
_axxxvi, 779 p. : _bill. ; _c24 cm. |
||
| 500 | _aIncludes index. | ||
| 650 | 0 | _aOperating systems (Computers) | |
| 650 | 0 | _aMacintosh (Computer) | |
| 700 | 1 | _aCohen, Dennis R. | |
| 856 | 4 | 2 | _uhttp://www.loc.gov/catdir/bios/wiley045/2001092886.html |
| 856 | 4 | 2 | _uhttp://www.loc.gov/catdir/description/wiley038/2001092886.html |
| 856 | 4 | 1 | _uhttp://www.loc.gov/catdir/toc/wiley021/2001092886.html |
| 942 | _cEK | ||
| 999 |
_c11933 _d11933 |
||